Negatívne dôsledky vojny NATO proti Líbyi pre medzinárodnú bezpečnosť
Udalosti v Líbyi v roku 2011 – jedna z ústredných mediálno-politických tém súčasnej svetovej politiky (medzinárodných vzťahov). Stručne o histórii Líbye do roku 2011 v kontexte teórie medzinárodných vzťahov. Kaddáfího režim ako nová kvalita vo vývoji Líbye. Priebeh vojny NATO proti Líbyi – základná...
Salvato in:
| Autore principale: | |
|---|---|
| Natura: | Capitolo di libro |
| Lingua: | slovacco |
| Soggetti: | |
| Tags: |
Nessun Tag, puoi essere il primo ad aggiungerne!!
|
MARC
| LEADER | 00000nla$a2200000$$$4500 | ||
|---|---|---|---|
| 001 | 0149717 | ||
| 005 | 20240502072707.8 | ||
| 041 | 0 | |a slo | |
| 044 | |a SK | ||
| 245 | 1 | 0 | |a Negatívne dôsledky vojny NATO proti Líbyi pre medzinárodnú bezpečnosť |c František Škvrnda |
| 520 | |a Udalosti v Líbyi v roku 2011 – jedna z ústredných mediálno-politických tém súčasnej svetovej politiky (medzinárodných vzťahov). Stručne o histórii Líbye do roku 2011 v kontexte teórie medzinárodných vzťahov. Kaddáfího režim ako nová kvalita vo vývoji Líbye. Priebeh vojny NATO proti Líbyi – základná periodizácia. Ďalšie medzníky vývoja v Líbyi v roku 2011. Nová nestabilita v Líbyi. Destabilizujúce účinky vojny NATO proti Líbyi pre súčasnú medzinárodnú bezpečnosť. | ||
| 610 | 2 | 0 | |a Líbya |
| 610 | 2 | 0 | |a vojny |
| 610 | 2 | 0 | |a 2011 |
| 610 | 2 | 0 | |a nestabilita politická |
| 610 | 2 | 0 | |a bezpečnosť medzinárodná |
| 100 | 1 | |a Škvrnda, František | |